Statistics for Countries by Capitals and Borders in 90 Seconds

Click here to take the quiz!

General Stats

  • This quiz has been taken 60,885 times
  • The average score is 94 of 157

Answer Stats

Country % Correct
Russia
97%
France
97%
United States
97%
Mexico
96%
China
96%
Canada
94%
Brazil
94%
Poland
94%
North Korea
93%
Mongolia
93%
Kazakhstan
93%
Norway
92%
Finland
92%
Germany
92%
Switzerland
92%
Spain
91%
Ukraine
91%
Belarus
90%
Pakistan
90%
Myanmar
89%
India
89%
Suriname
88%
Azerbaijan
87%
Bolivia
87%
Nepal
87%
Bhutan
87%
Italy
86%
Colombia
86%
Lithuania
85%
Peru
85%
Argentina
85%
Netherlands
83%
Belgium
83%
Austria
82%
United Kingdom
82%
Latvia
82%
Luxembourg
81%
Libya
81%
Paraguay
81%
Estonia
80%
Georgia
80%
Turkey
79%
Sudan
79%
Uruguay
79%
Venezuela
78%
Egypt
76%
Iraq
75%
Afghanistan
73%
Czech Republic
73%
Guyana
72%
Iran
72%
Laos
71%
Bulgaria
70%
Andorra
69%
Slovenia
68%
Ireland
68%
Morocco
67%
Denmark
67%
South Africa
67%
Botswana
67%
Israel
67%
Namibia
66%
Saudi Arabia
66%
Zimbabwe
66%
Mozambique
65%
Portugal
64%
Chile
64%
Greece
64%
Jordan
63%
Sweden
63%
Vietnam
62%
Algeria
62%
Hungary
62%
Eswatini
62%
Malaysia
61%
Lesotho
61%
Bangladesh
61%
South Sudan
61%
Armenia
60%
Romania
59%
Sri Lanka
58%
North Macedonia
58%
Oman
58%
Serbia
58%
Tajikistan
57%
Ethiopia
57%
Tanzania
56%
Indonesia
56%
United Arab Emirates
56%
Uganda
55%
Kuwait
55%
Mauritania
54%
Qatar
54%
Turkmenistan
54%
Kyrgyzstan
54%
Niger
54%
Slovakia
53%
San Marino
52%
Yemen
52%
Kenya
52%
Vatican City
52%
D. R. Congo
51%
Somalia
51%
Syria
51%
Mali
50%
Cambodia
49%
Ecuador
49%
Angola
49%
Papua New Guinea
49%
Central African
Republic
49%
Thailand
49%
East Timor
48%
Panama
48%
Guatemala
48%
Zambia
48%
Tunisia
48%
Rep. of the Congo
48%
Croatia
47%
Costa Rica
46%
Albania
46%
Rwanda
41%
Chad
41%
Montenegro
41%
Burundi
40%
Monaco
40%
Belize
39%
Bosnia and
Herzegovina
39%
Eritrea
36%
Djibouti
36%
Cameroon
35%
Honduras
35%
Moldova
35%
Guinea
34%
Burkina Faso
33%
Côte d'Ivoire
32%
Nigeria
32%
Benin
31%
El Salvador
29%
Nicaragua
28%
Kosovo
28%
Uzbekistan
28%
Senegal
28%
South Korea
27%
Ghana
26%
Togo
26%
Lebanon
22%
Dominican Republic
20%
Haiti
20%
Liechtenstein
19%
Liberia
19%
Guinea-Bissau
19%
Sierra Leone
18%
Gabon
17%
Gambia
16%
Malawi
13%
Brunei
12%
Equatorial Guinea
11%

Score Distribution

Percentile by Number Answered

Percent of People with Each Score

Your Score History

You have not taken this quiz